Kwartet No 5, op.40 partytura /
| Main Author: | Statkowski, Roman, 1859-1925 |
|---|---|
| Language: | No linguistic content |
| Published: |
Warszawa : Towarzystwo Wydawnicze Muzyki Polskiej, 1929 |
| Physical Description: |
102 s. ; 8° |
| LEADER | 00783ncm a22002172a 4500 | ||
|---|---|---|---|
| 001 | 000967117 | ||
| 003 | CZ BrMZK | ||
| 005 | 20240529141712.0 | ||
| 007 | qu | ||
| 008 | 090922s1929 pl |||||||||||||||||zxx d | ||
| 040 | |a BOA001 |b cze | ||
| 072 | 7 | |a 787 |x Hudba pro strunné a smyčcové nástroje |2 Konspekt |9 9 | |
| 100 | 1 | |a Statkowski, Roman, |d 1859-1925 |7 xx0024697 |4 cmp | |
| 240 | 1 | 0 | |a Kvartety, |m housle (2), viola, violoncello, |n č. 5, op. 40 |
| 245 | 1 | 0 | |a Kwartet No 5, op.40 |h [hudebnina] : |b partytura / |c Roman Statkowski |
| 260 | |a Warszawa : |b Towarzystwo Wydawnicze Muzyki Polskiej, |c 1929 | ||
| 300 | |a 102 s. ; |c 8° | ||
| 910 | |a BOA001 |b Mus1-0247.104 | ||
| 990 | |a MU | ||
| 991 | |b 201006 | ||
| 996 | 6 | |b 2619439241 |c Mus1-0247.104 |l MZK |r Sklad / do 1 hodiny |n 0 |w 000967117 |u 000010 |a 1 |e BOA001 |j MZK50 |s P | |
English
Čeština 